000 00467nam a2200157 i 4500
001 62657
003 ES-MaACL
005 20230906164716.0
007 t|
008 031124s1963 sp ||||1| spa d
100 1 _aFernández Arenas, Arsenio.
_949472
245 1 0 _aIglesias nuevas en España /
_cArsenio Fernández Arenas.
260 _aBarcelona :
_b[s.n.,
_c1963] (
_fLa Polígrafa)
300 _a106 p., 72 lám. ;
_c23 cm.
852 _aES-MaACL
_jC-24154
_bR.52984
999 _c62657
_d62657